000 00262 a2200121 4500
001 146445
040 _cEscola São Tomás de Aquino
100 _aZAMBUJAL, Isabel
240 1 0 _aVivaldi
_lpor
245 1 0 _aVivaldi
697 _a*LITERATURA INFANTO
942 _cBK
999 _c146445
_d146445